| 000 | 01098nam a2200313 a 4500 | ||
|---|---|---|---|
| 001 | 985 | ||
| 003 | BR-CuiBMT | ||
| 005 | 20231130201918.0 | ||
| 008 | 231124b2002 spb 000 0 por d | ||
| 020 | _a8520322778 (v. 2) | ||
| 040 |
_aBR-CuiBMT _cBR-CuiBMT |
||
| 080 |
_22007 _a347.91/.95 |
||
| 090 |
_a347.91/.95 _bC977 _c5. ed. |
||
| 245 | 0 | 0 |
_aCurso avançado de processo civil / _cLuiz Rodrigues Wambier, Flávio Renato Correia de Almeida, Eduardo Talamini ; coordenação: Luiz Rodrigues Wambier. |
| 250 | _a5. ed., rev., atual. e ampl. | ||
| 260 |
_aSão Paulo : _bRevista dos Tribunais, _c2002. |
||
| 300 |
_a v. ; _c21 cm |
||
| 504 | _aInclui bibliografia. | ||
| 505 | 1 | _av. 2. Processo de execução | |
| 590 | _aA Biblioteca possui somente o volume 2. | ||
| 650 |
_aProcesso civil _zBrasil |
||
| 650 |
_aExecução (Processo civil) _zBrasil |
||
| 650 |
_aDireito civil _zBrasil |
||
| 650 |
_aSentença civil _zBrasil |
||
| 700 | 1 |
_aWambier, Luiz Rodrigues _4coord. |
|
| 700 | 1 |
_aAlmeida, Flávio Renato Correia de _eautor |
|
| 700 | 1 |
_aTalamini, Eduardo _eautor |
|
| 942 |
_2udc _cLV |
||
| 999 |
_c985 _d985 |
||